01327cam a2200325 i 450000100090000000300050000900500170001400800410003101000170007202000260008902000230011503800170013804000280015504200080018305000210019108200160021210000470022824501590027526400420043430000290047633600210050533700250052633800230055150400670057465000270064165000440066865000460071265000480075877601950080618085525NUST20180523061231.0140328t20152015nju b 001 0 eng  a 2014007305 a9781118721407 (cloth) a1118721403 (cloth) aSNS Library  aDLCbengcDLCerdadDLC apcc00aQA387b.A77 201500a515.3532231 aArrigo, Daniel J.q(Daniel Joseph),d1960-10aSymmetry analysis of differential equations :ban introduction /cDaniel J. Arrigo, Department of Mathematics, University of Central Arkansas, Conway, AR. 1aHoboken, New Jersey :bWiley,c[2015] axiii, 176 pages ;c25 cm atext2rdacontent aunmediated2rdamedia avolume2rdacarrier aIncludes bibliographical references (pages 171-174) and index. 0aLie groupsvTextbooks. 0aLie groupsxStudy and teaching (Higher) 0aLie groupsxStudy and teaching (Graduate) 0aDifferential equations, PartialvTextbooks.08iOnline version:aArrigo, Daniel J. (Daniel Joseph), 1960-tSymmetry analysis of differential equationsdHoboken, New Jersey : John Wiley & Sons, Inc., [2014]z9781118721445w(DLC) 2014012733